Leading across cultures with cultural and emotional intelligence

Efektívne vedenie závisí v globalizovanom interkultúrnom svete od racionálnej (logickej), emocionálnej a kultúrnej inteligencie. Model kultúrnej inteligencie pre manažérov. Emocionálna inteligencia v modernom vedení/manažmente. Zručnosti kultúrnej a emocionálnej inteligencie.

Salvato in:
Dettagli Bibliografici
Autore principale: Bláhová, Mária
Altri autori: Némethová, Ildikó, 1974-
Natura: Capitolo di libro
Lingua:inglese
Soggetti:
Tags: Aggiungi Tag
Nessun Tag, puoi essere il primo ad aggiungerne!!

MARC

LEADER 00000naa a2200000 4500
001 0227122
005 20240502083609.8
041 0 |a eng 
044 |a HR 
245 1 0 |a Leading across cultures with cultural and emotional intelligence  |c Mária Bláhová, Ildikó Némethová 
520 |a Efektívne vedenie závisí v globalizovanom interkultúrnom svete od racionálnej (logickej), emocionálnej a kultúrnej inteligencie. Model kultúrnej inteligencie pre manažérov. Emocionálna inteligencia v modernom vedení/manažmente. Zručnosti kultúrnej a emocionálnej inteligencie. 
610 2 0 |a vedenie 
610 2 0 |a vedenie ľudí 
610 2 0 |a manažéri 
610 2 0 |a inteligencia emocionálna 
610 2 0 |a komunikácia interkultúrna 
610 2 0 |a kultúra 
610 2 0 |a zručnosti 
610 2 0 |a globalizácia 
100 1 |a Bláhová, Mária 
700 1 |a Némethová, Ildikó, 1974-